Kaiyoppum Kaivazhikalum (Record no. 97313)

MARC details
000 -LEADER
fixed length control field 00372nam a2200145Ia 4500
008 - FIXED-LENGTH DATA ELEMENTS--GENERAL INFORMATION
fixed length control field 211118s9999||||xx |||||||||||||| ||und||
082 ## - DEWEY DECIMAL CLASSIFICATION NUMBER
Classification number 894.812
Item number SET-K
100 ## - MAIN ENTRY--PERSONAL NAME
Personal name Sethu,
245 #0 - TITLE STATEMENT
Title Kaiyoppum Kaivazhikalum
260 ## - PUBLICATION, DISTRIBUTION, ETC.
Name of publisher, distributor, etc. Simon & Schuster
Place of publication, distribution, etc. New Delhi
Date of publication, distribution, etc. 2000
300 ## - PHYSICAL DESCRIPTION
Extent 100
630 ## - SUBJECT ADDED ENTRY--UNIFORM TITLE
General subdivision General Stack
650 ## - SUBJECT ADDED ENTRY--TOPICAL TERM
Topical term or geographic name entry element Malayalam Literature
942 ## - ADDED ENTRY ELEMENTS (KOHA)
Koha item type BOOK
650 ## - SUBJECT ADDED ENTRY--TOPICAL TERM
Form subdivision Malayalam
Holdings
Withdrawn status Lost status Source of classification or shelving scheme Damaged status Not for loan Home library Current library Date acquired Cost, normal purchase price Full call number Barcode Shelving location Date last seen Price effective from Koha item type
    Dewey Decimal Classification     SB LIBRARY SB LIBRARY 18/11/2021 35.00 894.8123 SET-K 00102665 GENERAL STACK 18/11/2021 18/11/2021 BOOK

Powered by Koha